LEADER 01706nam 2200361 450 001 9910688480903321 005 20230623180840.0 024 7 $a10.5772/intechopen.91603 035 $a(CKB)5400000000042312 035 $a(NjHacI)995400000000042312 035 $a(EXLCZ)995400000000042312 100 $a20230623d2021 uy 0 101 0 $aeng 135 $aur||||||||||| 181 $ctxt$2rdacontent 182 $cc$2rdamedia 183 $acr$2rdacarrier 200 00$aCollaborative and Humanoid Robots /$fedited by Jesus Hamilton Ortiz, Ramana Vinjamuri 210 1$aLondon :$cIntechOpen,$d2021. 215 $a1 online resource (184 pages) $cillustrations 311 $a1-83968-741-X 330 $aCollaborative and Humanoid Robots guides readers through the fundamentals and state-of-the-art concepts and future expectations of robotics. It showcases interesting research topics on robots and cobots by researchers, industry practitioners, and academics. Divided into two sections on "Collaborative Robots" and "Humanoid Robots," this book includes surveys of recent publications that investigative the interaction between humanoid robots and humans; safe adaptive trajectory tracking control of robots; 3D printed, self-learning robots; robot trajectory, guidance, and control; social robots; Tiny Blind assistive humanoid robots; and more. 606 $aHuman-robot interaction 615 0$aHuman-robot interaction. 676 $a629.8924019 702 $aOrtiz$b Jesus Hamilton 702 $aVinjamuri$b Ramana 801 0$bNjHacI 801 1$bNjHacl 906 $aBOOK 912 $a9910688480903321 996 $aCollaborative and Humanoid Robots$92826865 997 $aUNINA LEADER 03158oam 2200553zu 450 001 9910963109103321 005 20250605185128.0 010 $a0-19-164030-1 035 $a(CKB)3710000000354360 035 $a(SSID)ssj0001493154 035 $a(PQKBManifestationID)12637940 035 $a(PQKBTitleCode)TC0001493154 035 $a(PQKBWorkID)11504503 035 $a(PQKB)11608674 035 $a(MiAaPQ)EBC1961763 035 $a(OCoLC)905861813 035 $a(FINmELB)ELB167306 035 $a(EXLCZ)993710000000354360 100 $a20160829d2015 uy 0 101 0 $aeng 135 $aurcnu|||||||| 181 $ctxt 182 $cc 183 $acr 200 10$aWaterloo /$fAlan I. Forrest 210 31$aNew York :$cOxford University Press Incorporated,$d2015 215 $a1 online resource (xiii, 220 pages) $cillustrations, maps 225 1 $aGreat battles Waterloo 300 $aBibliographic Level Mode of Issuance: Monograph 311 1 $a0-19-966325-4 320 $aIncludes bibliographical references and index. 327 $aIntroduction From Vienna to Waterloo The Waterloo Campaign First Responses to Waterloo Military Memoirs and Communicative Memory Wellington and British Memory of Waterloo France, Waterloo, and the Napoleonic Legend Waterloo in German and Dutch Memory Postscript 330 $aWaterloo was the last battle fought by Napoleon and the one which finally ended his imperial dreams. It involved huge armies and heavy losses on both sides. For those who fought in it - Dutch and Belgians, Prussians and Hanoverians as well as British and French troops - it was a murderous struggle. For all its ferocity, it was a battle that would be remembered very differently across Europe. In Britain it would be seen as an iconic battle whose memory would be enmeshed in British national identity across the following century. It failed to achieve this iconic status elsewhere. In Prussia it was overshadowed by the Battle of the Nations at Leipzig, while in Holland it was a simple appendage to the prestige of the House of Orange. And in France it was the epitome of a heroic defeat that served to sustain the romantic legend of the Napoleonic Wars and contributed to the growing cult of Napoleon himself. Whereas most works on the battle of Waterloo are only military in nature, Alan Forrest's outstanding work-the first in the Great Battles series -- describes every aspect of how the battle was fought but deals equally with the aftermath: how it has been commemorated, and its legacy. --Provided by publisher 410 0$aGreat battles (Oxford University Press) 606 $aWaterloo, Battle of, Waterloo, Belgium, 1815 606 $aRegions & Countries - Europe$2HILCC 606 $aHistory & Archaeology$2HILCC 606 $aFrance$2HILCC 615 0$aWaterloo, Battle of, Waterloo, Belgium, 1815. 615 7$aRegions & Countries - Europe 615 7$aHistory & Archaeology 615 7$aFrance 676 $a940.2742 700 $aForrest$b Alan I.$0139928 801 0$bPQKB 906 $aBOOK 912 $a9910963109103321 996 $aWaterloo$94389574 997 $aUNINA